000 01120cab a2200301 4500
001 ABS37298
008 090401t1987 xxu||||| |||| 00| 0 eng d
035 _a(Sirsi) u3593
041 _aeng
100 _aMallinson, H.
245 2 _aA renaissance for Salt`s dream
260 _c1987
350 _a0
490 _aEstates Gazette
_v281 (6316) 10 January 1987, 20-21 (2)
520 _aDiscusses the possibilities available to the City of Bradford Metropolitan Borough Council in conserving the complex of Victorian industrial buildings at Salt`s Mill , Bradford . Outlines the progress being made by the partnership of public authorities , private enterprise and conservation experts, and describes the options open for the regeneration of the mill.
650 _aALTERNATIVE USES
650 _aENGLISH HERITAGE
650 _aHISTORIC BUILDINGS
650 _aJOINT VENTURES
650 _aREDUNDANT BUILDINGS
650 _aSALT SIR TITUS
650 _aSALTAIRE
650 _aTEXTILE MILLS
690 _aCONSERVATION AND THE ENVIRONMENT
700 _aArnott, C.
942 _n0
948 _c04/03/1997
999 _c2211
_d2211